C. Mác và Ph. Ăng - ghen toàn tập T. 27
Gồm những bức thư trong thời gian 1842 - 1851, một số tác phẩm nổi tiếng như: " Gia đình thần thánh", " Hệ tư tưởng Đức",...và một số chú thích, các bản chỉ dẫn do Viện nghiên cứu chủ nghĩa Mác - Lênin Liên Xô (trước đây...
保存先:
| 第一著者: | |
|---|---|
| その他の著者: | |
| フォーマット: | 図書 |
| 言語: | Undetermined |
| 出版事項: |
H.
Chính trị Quốc gia
1996
|
| 主題: | |
| オンライン・アクセス: | http://lrc.tdmu.edu.vn/opac/search/detail.asp?aID=2&ID=17113 |
| タグ: |
タグ追加
タグなし, このレコードへの初めてのタグを付けませんか!
|
| Thư viện lưu trữ: | Trung tâm Học liệu Trường Đại học Thủ Dầu Một |
|---|
| LEADER | 01258nam a2200241Ia 4500 | ||
|---|---|---|---|
| 001 | TDMU_17113 | ||
| 008 | 210410s9999 xx 000 0 und d | ||
| 082 | |a 335.4 | ||
| 090 | |b M101 | ||
| 100 | |a Mác. C (Marx, Karl) | ||
| 245 | 0 | |a C. Mác và Ph. Ăng - ghen toàn tập | |
| 245 | 0 | |c C. Mác, Ph. Ăng - ghen | |
| 245 | 0 | |n T. 27 | |
| 245 | 0 | |p Thư từ: 2/1842- 12/1851 | |
| 260 | |a H. | ||
| 260 | |b Chính trị Quốc gia | ||
| 260 | |c 1996 | ||
| 300 | |a 1078tr. | ||
| 520 | |a Gồm những bức thư trong thời gian 1842 - 1851, một số tác phẩm nổi tiếng như: " Gia đình thần thánh", " Hệ tư tưởng Đức",...và một số chú thích, các bản chỉ dẫn do Viện nghiên cứu chủ nghĩa Mác - Lênin Liên Xô (trước đây) biên soạn. | ||
| 650 | |a Karl Marx |d (5/5/1818 – 14/3/1883) ; Friedrich Engels |d (28/11/1820 – 5/8/1895); Tư tưởng triết học |x C. Mác và Ph. Ăng - ghen; Chủ nghĩa Mác | ||
| 700 | |a Ăng - ghen. Ph (Engels, Friedrich) | ||
| 856 | |u http://lrc.tdmu.edu.vn/opac/search/detail.asp?aID=2&ID=17113 | ||
| 980 | |a Trung tâm Học liệu Trường Đại học Thủ Dầu Một | ||